| 000 | 00417nam a2200181Ia 4500 | ||
|---|---|---|---|
| 001 | 1720 | ||
| 005 | 20260306143749.0 | ||
| 008 | 260306t2013||||xx |||||||||||||| ||spa|| | ||
| 041 | _aESP | ||
| 082 |
_a155.23 _bG83 |
||
| 100 |
_aGruhl, Monika _eAUT |
||
| 245 | 0 | _aAdiestrarse en la resilencia | |
| 260 | _c2013 | ||
| 300 |
_a159 páginas : _c21 cm. |
||
| 650 | _aGEN | ||
| 654 | _aCPS | ||
| 942 |
_cLIB _dJUS _fJUS _2ddc _n |
||
| 999 |
_c1720 _d1720 |
||